| 000 | 00000nam##2200000za#4500 |
| 001 | 9.676288 |
| 003 | CaOODSP |
| 005 | 20210624225739 |
| 007 | cr ||||||||||| |
| 008 | 150407|1992||||xxc|||||o f|0| 0 fre|d |
| 040 | |aCaOODSP|bfre |
| 041 | |aeng |
| 041 | |afre |
| 043 | |an-cn--- |
| 086 | 1 |aCS95-383/1992-PDF |
| 245 | 00|aProfil agricole de l'Alberta - partie 2 |h[ressource électronique] |
| 260 | |aOttawa - Ontario : |bStatistique Canada. |c1992. |
| 500 | |aPublication du recensement historique numérisé par Statistique Canada. |
| 590 | |a13-04-Supp|b2013-02-13 |
| 691 | 07|aDonnées du recensement|2gcpds |
| 691 | 07|aStatistiques de l'agriculture|2gcpds |
| 710 | 1 |aCanada. |bStatistique Canada. |bDivision de l'agriculture. |
| 791 | |tAgricultural profile of Alberta - part 2 |eeng|w(CaOODSP)9.676287 |
| 856 | 40|ahttp://publications.gc.ca|qPDF|s2.8 Mo|uhttps://publications.gc.ca/collections/collection_2013/statcan/rh-hc/CS95-383-1992.pdf |